Využitie dát sociálnych sietí

Začiatky intenzívneho využívania dát zo sociálnych sietí. Spôsoby využitia a spracovania dát zo sociálnych sietí.

Uložené v:
Podrobná bibliografia
Hlavný autor: Sihelský, Patrik
Médium: Kapitola
Jazyk:Slovak
Predmet:
Tagy: Pridať tag
Žiadne tagy, Buďte prvý, kto otaguje tento záznam!

MARC

LEADER 00000nla a2200000 4500
001 0164375
005 20240502072852.3
041 0 |a slo 
044 |a SK 
245 1 0 |a Využitie dát sociálnych sietí  |c Patrik Sihelský 
520 |a Začiatky intenzívneho využívania dát zo sociálnych sietí. Spôsoby využitia a spracovania dát zo sociálnych sietí. 
610 2 0 |a siete sociálne 
610 2 0 |a dáta 
610 2 0 |a informácie 
610 2 0 |a spracovanie dát 
610 2 0 |a dolovanie dát 
610 2 0 |a softvér 
100 1 |a Sihelský, Patrik